| 000 | 00897nas a2200301 4500 | ||
|---|---|---|---|
| 001 | BR0810068 | ||
| 003 | BR-BrBNA | ||
| 005 | 20231205112927.0 | ||
| 007 | ta | ||
| 008 | 230509b bl.|||p| |||| 00| 00por d | ||
| 040 |
_aBR-BrBNA _bpor _cBiblioteca Nacional de Agricultura |
||
| 041 | _a(Pt) | ||
| 072 | _aF04 | ||
| 100 | 1 | _aBoaretto, R.M. | |
| 100 | 1 | _aMattos Júnior, D. | |
| 100 | 1 | _aTrivelin, P.C.O. | |
| 100 | 1 | _aMuraoka, T. | |
| 100 | 1 | _aBoaretto, A.E. | |
| 245 | 1 | _aAcúmulo de nutrientes e destino do nitrogênio (15 N)aplicado em pomar jovem de laranjeira | |
| 650 | _aLARANJA PÊRA | ||
| 650 | _aNUTRIENTE | ||
| 650 | _aNITROGÊNIO | ||
| 650 | _aPOMAR | ||
| 650 | _aADUBAÇÃO | ||
| 773 | 0 |
_tRevista Brasileira de Fruticultura (Brazil) _xISSN 0100 2945 _g(Dec 2007), v. 29(3) p. 600-605 _wBR0810068 |
|
| 909 |
_a202311 _bLúcia _c55 _dLúcia Elande |
||
| 942 |
_2AGRIS _n0 _cANA |
||
| 999 |
_c200835 _d200835 |
||